ბათუმის შოთა რუსთაველის სახელმწიფო უნივერსიტეტის ბიბლიოთეკა

Справочник проектировщика промышленных,жилых и общественных зданий и сооружений.Канализация населенных мест и промышленных предприятий (ბიბ.ჩანაწერი № 37389)

000 -LEADER
fixed length control field 00755nam a2200205Ia 4500
001 - CONTROL NUMBER
control field 3348
003 - CONTROL NUMBER IDENTIFIER
control field GE_BSU
008 - FIXED-LENGTH DATA ELEMENTS--GENERAL INFORMATION
fixed length control field 181216s||||||||xx |||||||||||||| ||und||
040 ## - CATALOGING SOURCE
Transcribing agency GE_BSU
080 ## - UNIVERSAL DECIMAL CLASSIFICATION NUMBER
Universal Decimal Classification number 624.961(035.3)
245 ## - TITLE STATEMENT
Title Справочник проектировщика промышленных,жилых и общественных зданий и сооружений.Канализация населенных мест и промышленных предприятий
245 ## - TITLE STATEMENT
Statement of responsibility, etc. Под.Общей ред.Г.М.Федровского.ГПИ водоканалпроект
260 ## - PUBLICATION, DISTRIBUTION, ETC.
Place of publication, distribution, etc. М
260 ## - PUBLICATION, DISTRIBUTION, ETC.
Name of publisher, distributor, etc. Гостоптехиздат
260 ## - PUBLICATION, DISTRIBUTION, ETC.
Date of publication, distribution, etc. 1963
300 ## - PHYSICAL DESCRIPTION
Extent 456 стр
300 ## - PHYSICAL DESCRIPTION
Other physical details илл.
300 ## - PHYSICAL DESCRIPTION
Dimensions 26см
942 ## - ADDED ENTRY ELEMENTS (KOHA)
Koha item type წიგნი
ეგზემპლარები
Withdrawn status Lost status Damaged status Not for loan Date acquired Barcode Date last seen Price effective from Koha item type
        2018-12-17 9391 2018-12-17 2018-12-17 წიგნი